000 00313nam a2200133Ia 4500
008 090707b ii f a fnsan d
100 _aBedi, Sohinder Singh Wanjara
_918436
245 _aMadhkali Kav-Bodh
260 _aDelhi
260 _bPunjabi Sahit Sabha
260 _c1987
300 _a92p.
942 _cBK
999 _c17199
_d17199